Kitāb al-ṭabīkh, (Record no. 48909)
[ view plain ]
| 000 -LEADER | |
|---|---|
| fixed length control field | 01022cam a22002771 4500 |
| 001 - CONTROL NUMBER | |
| control field | ne 66000956 |
| 003 - CONTROL NUMBER IDENTIFIER | |
| control field | DLC |
| 005 - DATE AND TIME OF LATEST TRANSACTION | |
| control field | 20260227111823.0 |
| 008 - FIXED-LENGTH DATA ELEMENTS--GENERAL INFORMATION | |
| fixed length control field | 860821s1964 le 000 0 arar |
| 010 ## - LIBRARY OF CONGRESS CONTROL NUMBER | |
| LC control number | ne 66000956 |
| 025 ## - OVERSEAS ACQUISITION NUMBER | |
| Overseas acquisition number | PL480:UAR-7129 |
| 035 ## - SYSTEM CONTROL NUMBER | |
| System control number | (OCoLC)14122165 |
| 040 ## - CATALOGING SOURCE | |
| Original cataloging agency | DLC |
| Transcribing agency | WaU |
| Modifying agency | WaU |
| -- | DLC |
| 042 ## - AUTHENTICATION CODE | |
| Authentication code | premarc |
| 043 ## - GEOGRAPHIC AREA CODE | |
| Geographic area code | a-sy--- |
| 050 00 - LIBRARY OF CONGRESS CALL NUMBER | |
| Classification number | TX725.S9 |
| Item number | I2 1964 |
| 100 1# - MAIN ENTRY--PERSONAL NAME | |
| Personal name | Ibn al-Karīm, Muḥammad ibn al-Ḥasan, |
| Dates associated with a name | 1184 or 1185-1239 or 1240. |
| 245 10 - TITLE STATEMENT | |
| Title | Kitāb al-ṭabīkh, |
| Statement of responsibility, etc. | taʼlīf Muḥammad ibn al-Ḥasan ibn Muḥammad al-Kātīb al-Baghdādī. Aʻāda nashrahu Fakhrī al-Bārūdī. Wa-dhayyala ʻAlayhi bi-kitāb muʻjam al-maʼākil al-Dimashqīyah. |
| 250 ## - EDITION STATEMENT | |
| Edition statement | [al-Ṭabʻah 1]. |
| 260 ## - PUBLICATION, DISTRIBUTION, ETC. | |
| Place of publication, distribution, etc. | [Bayrūt] |
| Name of publisher, distributor, etc. | Dār al-Kitāb al-Jadīd |
| Date of publication, distribution, etc. | [1964] |
| 300 ## - PHYSICAL DESCRIPTION | |
| Extent | 112 p. |
| Dimensions | 24 cm. |
| 500 ## - GENERAL NOTE | |
| General note | The supplement, on modern Damascus cuisine, was prepared by the editor's niece. |
| 650 #0 - SUBJECT ADDED ENTRY--TOPICAL TERM | |
| Topical term or geographic name entry element | Cooking, Syrian. |
| 700 1# - ADDED ENTRY--PERSONAL NAME | |
| Personal name | Bārūdī, Fakhrī, |
| Dates associated with a name | 1887-1966. |
| 740 0# - ADDED ENTRY--UNCONTROLLED RELATED/ANALYTICAL TITLE | |
| Uncontrolled related/analytical title | Tabīkh. |
No items available.